German climate change policy : a success story with some flaws
Gardado en:
| Autor Principal: | |
|---|---|
| Outros autores: | |
| Formato: | Artigo |
| Idioma: | English |
| Những chủ đề: | |
| Các nhãn: |
Engadir etiqueta
Sen Etiquetas, Sexa o primeiro en etiquetar este rexistro!
|
| Thư viện lưu trữ: | Thư viện Trường Đại học Đà Lạt |
|---|
| LEADER | 00818nam a2200277 4500 | ||
|---|---|---|---|
| 001 | DLU090067270 | ||
| 005 | ##20090422 | ||
| 040 | # | # | |a DLU |b eng |
| 041 | # | # | |a eng |
| 044 | # | # | |a US |
| 100 | # | # | |a Weidner, Helmut. |
| 245 | # | # | |a German climate change policy : a success story with some flaws |c Helmut Weidner, Lutz Mez. |
| 653 | # | # | |a Climate change |
| 653 | # | # | |a Germany |
| 653 | # | # | |a Local government |
| 700 | # | # | |a Mez, Lutz. |
| 773 | # | # | |t The Journal of Environment & Development |g Vol. 17, no. 4 (December 2008), p. 356-378 |
| 920 | # | # | |a Phòng Tạp chí -- Trung tâm Thông tin - Thư viện Trường Đại học Đà Lạt |
| 994 | # | # | |a DLU |
| 900 | # | # | |a True |
| 911 | # | # | |a Trương Bảo Trâm Anh |
| 925 | # | # | |a G |
| 926 | # | # | |a A |
| 927 | # | # | |a BB |
| 980 | # | # | |a Thư viện Trường Đại học Đà Lạt |